|
|
|
|
| LEADER |
00000nlm0a2200000 4500 |
| 001 |
314538 |
| 005 |
20231102002704.0 |
| 035 |
|
|
|a (RuTPU)RU\TPU\book\339959
|
| 035 |
|
|
|a RU\TPU\book\339836
|
| 090 |
|
|
|a 314538
|
| 100 |
|
|
|a 20160216d1941 k y0rusy50 ca
|
| 101 |
0 |
|
|a rus
|
| 102 |
|
|
|a RU
|
| 105 |
|
|
|a y z 100zy
|
| 135 |
|
|
|a drnn ---uucaa
|
| 181 |
|
0 |
|a i
|
| 182 |
|
0 |
|a b
|
| 200 |
1 |
|
|a Студенческая научно-техническая конференция (26 ноября - 1 декабря 1940 г.)
|b Электронный ресурс
|e тезисы докладов
|f Томский индустриальный институт (ТИИ) имени С. М. Кирова
|
| 203 |
|
|
|a Текст
|c электронный
|
| 210 |
|
|
|d 1941
|a Томск
|c Издательство "Красное знамя"
|
| 230 |
|
|
|a 1 компьютерный файл (pdf; 1,1 M)
|
| 300 |
|
|
|a Заглавие с титульного экрана
|
| 300 |
|
|
|a Электронная версия печатной публикации
|
| 337 |
|
|
|a Adobe Reade
|
| 601 |
0 |
2 |
|a Томский индустриальный институт (ТИИ)
|c (1934-1944)
|2 stltpush
|3 (RuTPU)RU\TPU\col\9243
|
| 606 |
1 |
|
|a Томский политехнический университет
|2 stltpush
|3 (RuTPU)RU\TPU\subj\67475
|9 83260
|
| 610 |
1 |
|
|a электронный ресурс
|
| 610 |
1 |
|
|a конференции
|
| 610 |
1 |
|
|a ТПУ
|
| 610 |
1 |
|
|a тезисы докладов
|
| 610 |
1 |
|
|a студенческие конференции
|
| 610 |
1 |
|
|a коллекция ТПУ
|
| 686 |
|
|
|a Ч484(2)72ТПУл0
|2 rubbk
|
| 712 |
0 |
2 |
|a Томский индустриальный институт (ТИИ)
|c (1934-1944)
|2 stltpush
|3 (RuTPU)RU\TPU\col\9243
|
| 712 |
1 |
2 |
|a Студенческая научно-техническая конференция
|e Томск
|f 1940
|
| 801 |
|
1 |
|a RU
|b 63413507
|c 20150124
|
| 801 |
|
2 |
|a RU
|b 63413507
|c 20170405
|g RCR
|
| 856 |
4 |
0 |
|u http://earchive.tpu.ru/handle/11683/33579
|
| 942 |
|
|
|c CF
|